| 000 | 00829nam a2200253 i 4500 | ||
|---|---|---|---|
| 001 | 50079 | ||
| 003 | ES-MaACL | ||
| 005 | 20250826063428.0 | ||
| 007 | t| | ||
| 008 | 030730s1977 sp ||||1| spa d | ||
| 020 | _a84-7222-349-3 | ||
| 245 | 0 | 0 |
_aCrítica de la división del trabajo / _ctextos de Karl Marx ... [et. al.] ; seleccionados y presentados por André Gorz ; [traducción de Pere Darnell]. |
| 250 | _a1ª ed. | ||
| 260 |
_aBarcelona : _bLaia, _c1977. |
||
| 300 |
_a313 p. ; _c19 cm. |
||
| 490 | 1 |
_aEdiciones de bolsillo ; _v529 |
|
| 650 | 0 | 7 |
_aDivisión del trabajo _2embne _911953 |
| 700 | 1 |
_aMarx, Karl, _d1818-1883 _978590 |
|
| 700 | 1 |
_aGorz, André. _959242 |
|
| 700 | 1 |
_aDarnell, Pedro. _942741 |
|
| 830 | 1 |
_aEdiciones de bolsillo ; _v529 _9180756 |
|
| 852 |
_aES-MaACL _jA-7851 |
||
| 999 |
_c50079 _d50079 |
||